000 00928cam a2200169 4500
001 WS106669
008 000000n 000 0 eng u
035 _a(Sirsi) u106669
110 _aSustainable Development Commission
_94213
245 _aSustainable Development Commission
520 _aDetails the work of this panel which reported annually to the Prime Minister on topics of its own choosing concerning sustainable development issues. In May 1999 the Government announced that the Panel and the UK Round Table on Sustainable Development were to be subsumed into a new body, the Sustainable Development Commission. However this site remains active as an archive of their work.
650 _aSUSTAINABLE DEVELOPMENT
650 _aREGENERATION
690 _aENVIRONMENTAL AND LAND CONSULTANCY
856 4 0 _uhttps://www.sd-commission.gov.uk/
_zView the website free of charge at www.sd-commission.gov.uk...
942 _n0
999 _c119504
_d119504